000 00839cam a22002418i 4500
999 _c57461
_d57461
001 20365439
005 20221105201400.0
008 180221s2019 pau b 001 0 eng
020 _a9780323428781 1
041 _aeng
080 _a616.99+618 R-11
100 _aRamirez, Pedro T.
_98726
245 0 0 _aPrinciples of gynecologic oncology surgery /
_cPedro T. Ramirez, Michael Frumovitz, Nadeem R. Abu-Rustum.
264 1 _aPhiladelphia, PA :
_bElsevier,
_c2019.
300 _a402 p. ;
_c28 cm.
504 _aIncludes bibliographical references and index.
653 _aგინეკოლოგია
653 _aქირურგია
653 _aმედიცინა
700 1 _aFrumovitz, Michael,
_eავტორი
_98727
700 1 _aAbu-Rustum, Nadeem R.,
_eავტორი
_98728
942 _2udc
_cBK